[Event "2016 Standard Chess Dropout Tournament, Round 2"]
[Site "SchemingMind.com"]
[Date "2016.03.19"]
[Round "2"]
[White "Mekk"]
[Black "KristianO"]
[Result "1/2-1/2"]
[WhiteCountry "POL"]
[BlackCountry "NOR"]
[WhiteElo "1821"]
[WhiteRD "98"]
[BlackElo "1813"]
[BlackRD "143"]
[GameID "396866"]

1. c4 e5 2. g3 Nf6 3. Bg2 d5 4. cxd5 Nxd5 5. Nc3 Nb6 6. Nf3 Bd6 7. O-O O-O 8. d3 c5 9. Be3 Bd7 10. Ne4 Bb5
11. Nxc5 Bxc5 12. Bxc5 Re8 13. b3 Na6 14. Ba3 Qc7 15. Rc1 Bc6 16. Ng5 Rad8 17. Bxc6 bxc6 18. Qc2 Nb8 19. Bb2 f6 20. Ne4 N6d7
21. Ba3 Re6 22. Qc4 Re8 23. Nd6 Nb6 24. Nxe8 Qf7 25. Qc2 Qxe8 26. Bc5 Na6 27. Be3 Nb4 28. Qb1 f5 29. Bc5 N4d5 30. Bxb6 axb6
31. a3 Qh5 32. Rc4 Nf4 33. Qc2 Qh3 34. Rxf4 exf4 35. Qc4 Kf7 36. Qxf4 Rh6 37. Qc7+ Ke8 38. Qc8+ Ke7 39. Qc7+ Ke8 40. Qc8+ Ke7
41. Qc7+ Ke8
1/2-1/2

[Event "2016 Standard Chess Dropout Tournament, Round 2"]
[Site "SchemingMind.com"]
[Date "2016.03.19"]
[Round "2"]
[White "michel"]
[Black "Apocalypse"]
[Result "1/2-1/2"]
[WhiteCountry "CAN"]
[BlackCountry "USA"]
[WhiteElo "2401"]
[WhiteRD "70"]
[BlackElo "2425"]
[BlackRD "99"]
[GameID "396867"]

1. d4 Nf6 2. Nf3 d5 3. e3 c5 4. Nbd2 Nbd7 5. b3 e6 6. Bd3 b6 7. Bb2 Bb7 8. O-O Bd6 9. Ne5 O-O 10. Qe2 Ne4
11. Bxe4 dxe4 12. Ndc4 Bc7 13. Nxd7 Qxd7 14. dxc5 bxc5 15. Ne5 Qe7 16. Qb5 Bxe5 17. Bxe5 f6 18. Bd6=
1/2-1/2

[Event "2016 Standard Chess Dropout Tournament, Round 2"]
[Site "SchemingMind.com"]
[Date "2016.03.16"]
[Round "2"]
[White "NYNH"]
[Black "Quaff"]
[Result "1-0"]
[WhiteCountry "USA"]
[BlackCountry "ENG"]
[WhiteElo "1966"]
[WhiteRD "88"]
[BlackElo "1612"]
[BlackRD "58"]
[GameID "396868"]

1. d4 c6 2. c4 e6 3. Nf3 d6 4. g3 h6 5. Bg2 Nf6 6. O-O Be7 7. Nc3 Nbd7 8. Bf4 g5 9. Bc1 Nh7 10. b3 f5
11. Bb2 Bf6 12. e4 f4 13. Qd2 e5 14. dxe5 Bxe5 15. Nxe5 dxe5 16. Qd6 Qf6 17. Rfd1 Qxd6 18. Rxd6 Nhf6 19. Na4 Ke7 20. Rad1 fxg3
21. hxg3 Rd8 22. Nc5 b6 23. Nxd7 Bxd7 24. Bxe5 Ng8 25. Bb2 Rac8 26. c5 b5 27. R1d2 a5 28. Bc3 b4 29. Bb2 Rc7 30. Bh3 h5
31. Bf5 Nh6 32. Rxh6 Bxf5 33. Bf6+
1-0

[Event "2016 Standard Chess Dropout Tournament, Round 2"]
[Site "SchemingMind.com"]
[Date "2016.03.15"]
[Round "2"]
[White "Olli Ylönen"]
[Black "shg"]
[Result "0-1"]
[WhiteCountry "FIN"]
[BlackCountry "POL"]
[WhiteElo "1830"]
[WhiteRD "120"]
[BlackElo "2454"]
[BlackRD "89"]
[GameID "396869"]

1. d4 Nf6 2. c4 g6 3. Nc3 d5 4. cxd5 Nxd5 5. e4 Nxc3 6. bxc3 Bg7 7. Bc4 O-O 8. Ne2 Nc6 9. O-O b6 10. Be3 Bb7
11. f3 Na5 12. Bd3 e6 13. Rb1 Qc8 14. c4 Qd7 15. d5 c6 16. Nc3 Bxc3
0-1

[Event "2016 Standard Chess Dropout Tournament, Round 2"]
[Site "SchemingMind.com"]
[Date "2016.03.19"]
[Round "2"]
[White "Orange Lion"]
[Black "Olli Ylönen"]
[Result "1-0"]
[WhiteCountry "NED"]
[BlackCountry "FIN"]
[WhiteElo "2577"]
[WhiteRD "112"]
[BlackElo "1829"]
[BlackRD "124"]
[GameID "396870"]

1. c4 e5 2. Nc3 Nf6 3. Nf3 Nc6 4. g3 d5 5. cxd5 Nxd5 6. Bg2 Nb6 7. O-O Be7 8. a3 O-O 9. b4 Be6 10. d3 a5
11. b5 Nd4 12. Rb1 f6 13. e3 Nxf3+ 14. Bxf3 Rb8 15. Qc2 f5 16. e4 g6 17. exf5 gxf5 18. Re1 Bf6 19. Bb2 Qe7 20. Nd1 Bd5
21. Bxd5+ Nxd5 22. Bxe5 Qxa3 23. Qc4 Rfd8 24. Bxf6
1-0

[Event "2016 Standard Chess Dropout Tournament, Round 2"]
[Site "SchemingMind.com"]
[Date "2016.03.19"]
[Round "2"]
[White "Oskyrain"]
[Black "frankly"]
[Result "1/2-1/2"]
[WhiteCountry "ARG"]
[BlackCountry "ENG"]
[WhiteElo "2523"]
[WhiteRD "91"]
[BlackElo "2433"]
[BlackRD "56"]
[GameID "396871"]

1. d4 Nf6 2. c4 e6 3. Nc3 Bb4 4. e3 O-O 5. Nf3 d5 6. Bd3 c5 7. O-O Nc6 8. cxd5 exd5 9. dxc5 Bxc5 10. h3 Qe7
11. b3 Rd8 12. Bb2 Ne4 13. Rc1 Bf5 14. Ne2 Nxf2 15. Rxf2 Bxd3 16. Rxc5 Bxe2 17. Qxe2 Qxc5 18. Ng5 d4 19. Qh5 h6 20. Qxf7+ Kh8
21. Ne6 Qe5 22. exd4 Nxd4 23. Nxd8 Rxd8 24. Qxb7 Qe1+ 25. Rf1 Qe3+ 26. Kh2 Qe5+ 27. g3 Nf3+=
1/2-1/2

[Event "2016 Standard Chess Dropout Tournament, Round 2"]
[Site "SchemingMind.com"]
[Date "2016.03.14"]
[Round "2"]
[White "peeuukoo"]
[Black "Dom P"]
[Result "1-0"]
[WhiteCountry "FIN"]
[BlackCountry "ENG"]
[WhiteElo "1826"]
[WhiteRD "111"]
[BlackElo "1505"]
[BlackRD "91"]
[GameID "396873"]

1. d4 g6 2. c4 d6 3. Nc3 Bg7 4. e4 Nd7 5. Be3 e5 6. d5 Ngf6 7. Nf3 O-O 8. h3 Qe7 9. Bd3 a6 10. O-O c6
11. dxc6 bxc6 12. Qd2 Kh8 13. Bh6 Ng8 14. Bxg7+ Kxg7 15. Rad1 Ngf6 16. Qg5 Rb8 17. Nh4 Nc5 18. Be2 Rxb2 19. Bg4 Bxg4 20. hxg4 Rc2
21. Nf5+ Kh8 22. Nxe7 Ne8 23. Rc1 Rb2 24. Nxc6 Ne6 25. Qe3 Nc5 26. Rb1 Rb7 27. Rxb7 Nxb7 28. Rb1 Nc5 29. Rb8 Kg8 30. Qh6 Ne6
31. Nd5 N6g7 32. Nce7+ Kh8 33. Nf6 a5 34. Qxh7#
1-0

[Event "2016 Standard Chess Dropout Tournament, Round 2"]
[Site "SchemingMind.com"]
[Date "2016.03.14"]
[Round "2"]
[White "pengle"]
[Black "wojowhiskey"]
[Result "0-1"]
[WhiteCountry "USA"]
[BlackCountry "USA"]
[WhiteElo "1703"]
[WhiteRD "85"]
[BlackElo "1571"]
[BlackRD "67"]
[GameID "396874"]

1. d4 d5 2. c4 e6 3. Nc3 c6 4. e3 Nf6 5. Nf3 Bb4 6. Bd2 Nbd7 7. a3 Ba5 8. b4 Bc7 9. cxd5 exd5 10. Bd3 O-O
11. O-O Re8 12. h3 Ne4 13. Bc2 Ndf6 14. Be1 Bf5 15. Ne2 Qd6 16. Ra2 Bg6 17. Nf4 Nh5 18. Ne5 Rxe5 19. dxe5 Qxe5 20. g3 Re8
21. Nxh5 Bxh5 22. Qd3 Bf3 23. Bd1 Qh5 24. Bxf3 Qxf3 25. Qe2 Qf5 26. Qg4 Qf6 27. Qd7 Qe5 28. f4 Qe7 29. Qxe7 Rxe7 30. Rf3 Bb6
31. Re2 Re6 32. Kg2 Nd6 33. a4 Nf5 34. Bf2 d4 35. e4 Ne3+ 36. Bxe3 dxe3 37. e5 f6 38. a5 Bd4 39. Rf1 fxe5 40. fxe5 Rxe5
41. Rf4 Bc3 42. Kf3 Bd2 43. g4 g5 44. Re4 Rxe4 45. Kxe4 Kf7 46. Kd4 Ke6 47. Kc5 Ke5 48. b5 cxb5 49. Kxb5 Ke4 50. a6 b6
51. Kc4 Kf3 52. Kd3 h6 53. Rxd2 exd2 54. Kxd2 Kg3 55. Kd3 Kxh3 56. Kd4 Kxg4 57. Kd5 h5 58. Kc6 h4 59. Kb7 h3 60. Kxa7 h2
61. Kb8 h1=Q 62. a7 b5 63. a8=Q Qxa8+
0-1

[Event "2016 Standard Chess Dropout Tournament, Round 2"]
[Site "SchemingMind.com"]
[Date "2016.03.19"]
[Round "2"]
[White "Dan Geana"]
[Black "Diadoco"]
[Result "1-0"]
[WhiteCountry "ROU"]
[BlackCountry "MEX"]
[WhiteElo "2529"]
[WhiteRD "118"]
[BlackElo "1983"]
[BlackRD "104"]
[GameID "396875"]

1. e4 c5 2. Nf3 d6 3. d4 cxd4 4. Nxd4 Nf6 5. Nc3 a6 6. Bg5 Nbd7 7. Bc4 Qb6 8. Bb3 e6 9. O-O Be7 10. a4 Nc5
11. a5 Qc7 12. f3 Nxb3 13. Nxb3 Bd7 14. Qd3 h6 15. Bh4 Bc6 16. Rfd1 Rd8 17. Nd4 O-O 18. Bg3 Rc8 19. Qd2 Rfd8 20. Qe1 Be8
21. Bf2 d5 22. e5 Nd7 23. f4 Bb4 24. Bh4 Bxa5 25. Bxd8 Rxd8 26. Nxd5 Bxe1 27. Nxc7 Bb4 28. Nb3 Kf8 29. Rd4 Be7 30. Rad1 g6
31. c3 h5 32. Na5 Bc5 33. Nxb7 Bxd4+ 34. Rxd4 Rb8 35. Nd6 a5 36. Ncxe8 Rxe8 37. Nxe8 Kxe8 38. Ra4 Kd8 39. Rxa5
1-0

[Event "2016 Standard Chess Dropout Tournament, Round 2"]
[Site "SchemingMind.com"]
[Date "2016.03.17"]
[Round "2"]
[White "pmdpsp"]
[Black "CapuzziG"]
[Result "1-0"]
[WhiteCountry "GER"]
[BlackCountry "ITA"]
[WhiteElo "1803"]
[WhiteRD "94"]
[BlackElo "1839"]
[BlackRD "85"]
[GameID "396877"]

1. c4 b6 2. Nc3 Bb7 3. e4 e6 4. a3 g6 5. d4 Bg7 6. Be3 Ne7 7. Bd3 d6 8. Nge2 Nd7 9. f3 a6 10. Qd2 h6
11. h3 c5 12. d5 e5 13. b4 f5 14. O-O f4 15. Bf2 h5 16. Rab1 Qc7 17. Bh4 Nf6 18. Rb3 Nh7 19. Rfb1 b5 20. Nxb5 axb5
21. cxb5 c4 22. Rc3 Qb6+ 23. Bf2 Qxb5 24. Bxc4 Qa4 25. Rcb3 Qd7 26. Nc3 O-O 27. b5 g5 28. Be2 Nf6 29. a4 Kf7 30. Ra3 g4
31. a5 gxh3 32. Bf1 hxg2 33. Bxg2 Rg8 34. Kh2 Bc8 35. b6 Rb8 36. a6 Bh6 37. a7 Rxg2+ 38. Kxg2 Qh3+ 39. Kg1 Ra8 40. Be1 Ba6
41. Qg2 Qc8 42. Bf2 Qb7 43. Rxa6
1-0

[Event "2016 Standard Chess Dropout Tournament, Round 2"]
[Site "SchemingMind.com"]
[Date "2016.03.19"]
[Round "2"]
[White "pnwmusichound"]
[Black "Gerrish Gray"]
[Result "0-1"]
[WhiteCountry "USA"]
[BlackCountry "ENG"]
[WhiteElo "1965"]
[WhiteRD "92"]
[BlackElo "2217"]
[BlackRD "98"]
[GameID "396878"]

1. e4 d5 2. exd5 Qxd5 3. Nc3 Qd6 4. d4 Nf6 5. Nf3 a6 6. g3 c6 7. Bf4 Qd8 8. Bg2 Bg4 9. h3 Bxf3 10. Qxf3 Qxd4
11. O-O e6 12. Rad1 Qb6 13. b3 Nbd7 14. Qd3 Bb4 15. Ne4 O-O 16. c3 Be7 17. Rd2 Nd5 18. Bd6 Bxd6 19. Nxd6 Rad8 20. Ne4 f5
21. Ng5 Nc5 22. Qc2 h6 23. Nf3 Ne4 24. Rd4 Ndxc3 25. Rxd8 Rxd8 26. Kh2 a5 27. a4 Qb4 28. Ne5 Rd2 29. Qc1 Qxb3 30. Bxe4 Nxe4
31. h4 Qxg3+
0-1

[Event "2016 Standard Chess Dropout Tournament, Round 2"]
[Site "SchemingMind.com"]
[Date "2016.03.16"]
[Round "2"]
[White "Quaff"]
[Black "Abstract Actuary"]
[Result "0-1"]
[WhiteCountry "ENG"]
[BlackCountry "USA"]
[WhiteElo "1671"]
[WhiteRD "66"]
[BlackElo "1877"]
[BlackRD "73"]
[GameID "396879"]

1. e4 e5 2. Nf3 Nf6 3. d3 Nc6 4. Be2 Bc5 5. O-O O-O 6. Bg5 h6 7. Bh4 d6 8. Nc3 Be6 9. h3 a6 10. Nh2 Nd4
11. a3 Kh8 12. Bg4 Rg8 13. Bxe6 fxe6 14. Ng4 Kh7 15. b4 Bb6 16. Ne3 Qe7 17. Na4 Ba7 18. c3 Nc6 19. Ng4 Raf8 20. Kh1 Nd8
21. f4 exf4 22. Rxf4 g5 23. Nxf6+ Rxf6 24. Rxf6 Qxf6 25. Be1 Qf1+ 26. Kh2 Bg1+ 27. Kg3 Qf4#
0-1

[Event "2016 Standard Chess Dropout Tournament, Round 2"]
[Site "SchemingMind.com"]
[Date "2016.03.19"]
[Round "2"]
[White "Queen "]
[Black "Oskyrain"]
[Result "1/2-1/2"]
[WhiteCountry "IND"]
[BlackCountry "ARG"]
[WhiteElo "2381"]
[WhiteRD "96"]
[BlackElo "2501"]
[BlackRD "93"]
[GameID "396880"]

1. d4 Nf6 2. c4 e6 3. Nf3 b6 4. g3 Be7 5. Bg2 Bb7 6. O-O O-O 7. Nc3 Ne4 8. Nxe4 Bxe4 9. Ne5 Bxg2 10. Kxg2 c5
11. d5 d6 12. Nf3 Re8 13. e4 exd5 14. exd5 Nd7 15. Re1 Bf6 16. Rxe8+ Qxe8 17. Qc2 Ne5 18. Nxe5 Bxe5 19. Bd2 Qd7 20. Re1 a6
21. Bc3 Bxc3 22. Qxc3 Re8 23. Rxe8+=
1/2-1/2

[Event "2016 Standard Chess Dropout Tournament, Round 2"]
[Site "SchemingMind.com"]
[Date "2016.03.14"]
[Round "2"]
[White "Sahajaxx"]
[Black "thebirdolux"]
[Result "0-1"]
[WhiteCountry "ENG"]
[BlackCountry "USA"]
[WhiteElo "2265"]
[WhiteRD "88"]
[BlackElo "2493"]
[BlackRD "80"]
[GameID "396882"]

1. d4 Nf6 2. c4 e6 3. Nf3 b6 4. Nc3 Bb4 5. Bd2 Bb7 6. e3 O-O 7. Bd3 d5 8. cxd5 exd5 9. O-O Bd6 10. Rc1 c5
11. Ne5 Nc6 12. f4 cxd4 13. Nxc6 Bxc6 14. exd4 Qd7 15. Qc2 Rfe8 16. Bf5 Qe7 17. Rfe1 Qb7 18. g3 Bd7 19. Bxd7 Qxd7 20. a3 Qh3
21. Qa4 Bf8 22. Nd1 Rxe1+ 23. Bxe1 Re8 24. Nf2 Qh5 25. Qd1 Qxd1 26. Rxd1 g6 27. Bc3 Ne4 28. Be1 Rc8 29. Kf1 f5 30. Nxe4 fxe4
31. Bc3 Kf7 32. Ke2 Ke6 33. Rc1 Rc4 34. Bd2 Bg7 35. Rxc4 dxc4 36. Bc3 Kd5 37. Ke3 b5 38. g4 a5
0-1

[Event "2016 Standard Chess Dropout Tournament, Round 2"]
[Site "SchemingMind.com"]
[Date "2016.03.19"]
[Round "2"]
[White "Selwyn"]
[Black "Dan Geana"]
[Result "1/2-1/2"]
[WhiteCountry "AUS"]
[BlackCountry "ROU"]
[WhiteElo "2602"]
[WhiteRD "104"]
[BlackElo "2536"]
[BlackRD "117"]
[GameID "396883"]

1. d4 Nf6 2. c4 e6 3. g3 d5 4. Bg2 Be7 5. Nf3 O-O 6. O-O dxc4 7. Qc2 a6 8. Qxc4 b5 9. Qc2 Bb7 10. Bd2 Be4
11. Qc1 Bb7 12. Bf4 Bd6 13. Nbd2 Bxf4 14. gxf4 Nbd7 15. Rd1 Rc8 16. Nb3 Qe8 17. h3 Bd5 18. Qe3 Qe7 19. Rac1 c6 20. Ne5 Bxb3
21. Qxb3 Nxe5 22. fxe5 Nd5 23. e3 f5 24. exf6 Rxf6 25. Rd2 Rg6 26. Qd1 Rf8 27. Kh2 Qc7+ 28. Kh1 Rxg2 29. Kxg2 Rxf2+ 30. Kxf2 Qh2+
31. Kf3=
1/2-1/2

[Event "2016 Standard Chess Dropout Tournament, Round 2"]
[Site "SchemingMind.com"]
[Date "2016.03.16"]
[Round "2"]
[White "shg"]
[Black "michel"]
[Result "1/2-1/2"]
[WhiteCountry "POL"]
[BlackCountry "CAN"]
[WhiteElo "2453"]
[WhiteRD "84"]
[BlackElo "2401"]
[BlackRD "70"]
[GameID "396884"]

1. d4 Nf6 2. c4 d6 3. Nf3 h6 4. Nc3 Bf5 5. g3 Nbd7 6. Bg2 c6 7. d5 e5 8. Nh4 Bh7 9. dxc6 bxc6 10. Bxc6 Rc8
11. Bb5 Be7 12. O-O O-O 13. Ng2 Nc5 14. Ne3 a6 15. Ba4 Nce4 16. Nxe4 Bxe4 17. b4 Qb6 18. Qb3 Rb8 19. f3 Ba8 20. Bd2 e4
21. a3 d5 22. c5 Bxc5 23. bxc5 Qxb3 24. Bxb3 Rxb3 25. Nf5 exf3 26. Rxf3 Rb2 27. Bc3 Rxe2 28. Bxf6 gxf6 29. Rc1 Rc8=
1/2-1/2

[Event "2016 Standard Chess Dropout Tournament, Round 2"]
[Site "SchemingMind.com"]
[Date "2016.03.14"]
[Round "2"]
[White "simon_w"]
[Black "cnile"]
[Result "1-0"]
[WhiteCountry "IRL"]
[BlackCountry "SCO"]
[WhiteElo "1788"]
[WhiteRD "108"]
[BlackElo "1451"]
[BlackRD "68"]
[GameID "396886"]

1. e4 e6 2. d4 d5 3. Nc3 Nf6 4. e5 Nfd7 5. f4 c5 6. dxc5 Bxc5 7. Qg4 Rg8 8. Bd3 g6 9. Nf3 Nc6 10. Bd2 h5
11. Qg3 Nb4 12. Ng5 Nxd3+ 13. Qxd3 Nb6 14. Qb5+ Bd7 15. Qxc5 Nc4 16. Bc1 Rc8 17. Qd4 Bc6 18. b3 Nb6 19. Ba3 Nd7 20. O-O-O a6
21. h3 Qa5 22. Bd6 b5 23. Kb1 Bb7 24. Ne2 b4 25. Bxb4 Qb5 26. Qd2 Nc5 27. Nd4 Qd7 28. g4 hxg4 29. hxg4 Ne4 30. Nxe4
1-0

[Event "2016 Standard Chess Dropout Tournament, Round 2"]
[Site "SchemingMind.com"]
[Date "2016.03.14"]
[Round "2"]
[White "Stephen Woodhouse"]
[Black "Black Five"]
[Result "1-0"]
[WhiteCountry "ENG"]
[BlackCountry "WLS"]
[WhiteElo "1842"]
[WhiteRD "51"]
[BlackElo "1786"]
[BlackRD "120"]
[GameID "396888"]

1. e4 c5 2. c3 e6 3. d4 d5 4. exd5 exd5 5. Nf3 Nc6 6. Bb5 a6 7. Bxc6+ bxc6 8. O-O Nf6 9. Re1+ Be7 10. dxc5 O-O
11. Be3 Ne4 12. Nbd2 Nxc5 13. Nb3 Ne4 14. Nfd2 Nf6 15. Bc5 Re8 16. Bxe7 Rxe7 17. Rxe7 Qxe7 18. Nf3 Bg4 19. h3 Bh5 20. Qe1 Qxe1+
21. Rxe1 Bxf3 22. gxf3 Kf8 23. Nc5 a5 24. a4 Ra7 25. b4 axb4 26. cxb4 Nd7 27. Nxd7+ Rxd7 28. Kf1 Rb7 29. Rb1 Ke7 30. Ke2 Kd7
31. Kd3 Kc7 32. Kd4 f6 33. Kc5 Ra7 34. Ra1 Rb7 35. b5 cxb5 36. axb5 Rb6 37. Ra7+ Rb7 38. Rxb7+ Kxb7 39. Kxd5 Kb6 40. Ke6 f5
41. Kxf5 Kxb5 42. Ke6 Kc5 43. Kf7 g5 44. Kf6 Kd5 45. Kxg5 Ke6 46. Kh6 Kf5 47. h4 Kf6 48. Kxh7 Kf7 49. h5 Kf6 50. f4 Kf7
51. h6 Kf8 52. Kg6 Kg8 53. Kf6 Kh8 54. Ke7 Kh7 55. f5
1-0

[Event "2016 Standard Chess Dropout Tournament, Round 2"]
[Site "SchemingMind.com"]
[Date "2016.03.16"]
[Round "2"]
[White "thebirdolux"]
[Black "pnwmusichound"]
[Result "1-0"]
[WhiteCountry "USA"]
[BlackCountry "USA"]
[WhiteElo "2493"]
[WhiteRD "80"]
[BlackElo "1923"]
[BlackRD "86"]
[GameID "396889"]

1. e4 e5 2. Nf3 Nf6 3. d4 Nxe4 4. Bd3 d5 5. Nxe5 Be6 6. O-O Nd7 7. f4 Nxe5 8. fxe5 c6 9. Bxe4 dxe4 10. Nc3 Qb6
11. Nxe4 O-O-O 12. c3 c5 13. Be3 Qxb2 14. Qf3 Bxa2 15. dxc5 Bd5 16. Rxa7 Kb8 17. Rfa1 Qc2 18. e6 Qxe4 19. Bf4+ Bd6 20. Qxe4 Bxe4
21. cxd6 b5 22. d7#
1-0

[Event "2016 Standard Chess Dropout Tournament, Round 2"]
[Site "SchemingMind.com"]
[Date "2016.03.18"]
[Round "2"]
[White "Transcendent"]
[Black "Aba"]
[Result "0-1"]
[WhiteCountry "ENG"]
[BlackCountry "ISR"]
[WhiteElo "1506"]
[WhiteRD "53"]
[BlackElo "1776"]
[BlackRD "66"]
[GameID "396890"]

1. d4 Nf6 2. c4 g6 3. g3 Bg7 4. Bg2 d5 5. cxd5 Nxd5 6. Nc3 Be6 7. e4 Nxc3 8. bxc3 c6 9. Nf3 Qa5 10. Bd2 O-O
11. O-O Nd7 12. c4 Qa6 13. c5 Nf6 14. Re1 b6 15. Bf1 Qc8
0-1

[Event "2016 Standard Chess Dropout Tournament, Round 2"]
[Site "SchemingMind.com"]
[Date "2016.03.17"]
[Round "2"]
[White "Udo Sprang"]
[Black "Glenn O'Brien"]
[Result "0-1"]
[WhiteCountry "NED"]
[BlackCountry "AUS"]
[WhiteElo "1979"]
[WhiteRD "123"]
[BlackElo "1995"]
[BlackRD "80"]
[GameID "396891"]

1. e4 e5 2. Nf3 Nc6 3. Bb5 a6 4. Ba4 Nf6 5. O-O Be7 6. Re1 b5 7. Bb3 O-O 8. c3 d6 9. h3 Na5 10. Bc2 c5
11. d4 Qc7 12. d5 Bd7 13. Nbd2 c4 14. Nf1 Nb7 15. Ng3 Nc5 16. b4 cxb3 17. axb3 a5 18. Bd2 Rfc8 19. Qb1 h6 20. c4 Nb7
21. Bd3 bxc4 22. bxc4 Nc5 23. Rc1 Rab8 24. Qc2 Nb3 25. Ra3 Nxc1 26. Bxa5 Nxd3 27. Bxc7 Nb4 28. Qc3 Rxc7 29. Rb3 Rcb7 30. Nd2 Na6
31. Rxb7 Rxb7 32. Nb3 Bd8 33. c5 Nxc5 34. Nxc5 Rc7 35. Qb4 Rxc5 36. Qb8 Rc8 37. Qxd6 Rc1+ 38. Kh2 Bc7 39. Qa3 Rd1 40. Qb3 Rd4
41. f3 Ne8 42. Qa2 Nd6 43. Qa7 Rc4 44. Qa6 Ra4 45. Qe2 Rd4 46. Qc2 Ba5 47. Qc5 Bb4 48. Qb6 Bb5 49. f4 exf4 50. Qxd4 fxg3+
51. Kxg3 Bc5 52. Qb2 Nxe4+ 53. Kf4 Nd6 54. Qc3 Nc4 55. Ke4 Kf8 56. Qg3 Nd2+ 57. Kf5 Bd7+ 58. Ke5 f6+
0-1

[Event "2016 Standard Chess Dropout Tournament, Round 2"]
[Site "SchemingMind.com"]
[Date "2016.03.15"]
[Round "2"]
[White "wojowhiskey"]
[Black "Clive Everill"]
[Result "0-1"]
[WhiteCountry "USA"]
[BlackCountry "CZE"]
[WhiteElo "1552"]
[WhiteRD "70"]
[BlackElo "1714"]
[BlackRD "62"]
[GameID "396892"]

1. e4 e6 2. d4 d5 3. e5 c5 4. Nf3 Nc6 5. c3 Nh6 6. Bd3 cxd4 7. cxd4 Nf5 8. Bxf5 exf5 9. O-O Be6 10. Nc3 Be7
11. Bf4 g5 12. Be3 g4 13. Nd2 h5 14. Nb3 h4 15. Nc5 Bxc5 16. dxc5 d4 17. Qd3 dxe3 18. Qxe3 Qe7 19. Rfd1 Rd8 20. Rd6 Rd7
21. Rad1 Kd8 22. Nd5 Bxd5 23. R1xd5 Rxd6 24. Rxd6+ Kc7 25. e6 fxe6 26. Qxe6 Re8 27. Qxe7+ Rxe7
0-1

[Event "2016 Standard Chess Dropout Tournament, Round 2"]
[Site "SchemingMind.com"]
[Date "2016.03.15"]
[Round "2"]
[White "Yos"]
[Black "Andrea Carra"]
[Result "1-0"]
[WhiteCountry "INA"]
[BlackCountry "ITA"]
[WhiteElo "2448"]
[WhiteRD "76"]
[BlackElo "2041"]
[BlackRD "127"]
[GameID "396893"]

1. c4 c5 2. Nc3 Nf6 3. Nf3 d5 4. cxd5 Nxd5 5. d4 e6 6. e4 Nxc3 7. bxc3 cxd4 8. cxd4 Bb4+ 9. Bd2 Bxd2+ 10. Qxd2 O-O
11. Rc1 Nc6 12. Bb5 Bd7 13. O-O Ne5 14. Be2 Nxf3+ 15. Bxf3 Bb5 16. Rfd1 Qd7 17. h3 Rac8 18. d5 Qd6 19. Qb2 Ba6 20. Rxc8 Rxc8
21. dxe6 Qe7 22. exf7+ Qxf7 23. Bg4 Re8 24. e5 h5 25. Rd7
1-0

[Event "2016 Standard Chess Dropout Tournament, Round 3"]
[Site "SchemingMind.com"]
[Date "2016.08.05"]
[Round "3"]
[White "2curious"]
[Black "peeuukoo"]
[Result "1-0"]
[WhiteCountry "USA"]
[BlackCountry "FIN"]
[WhiteElo "2167"]
[WhiteRD "125"]
[BlackElo "1819"]
[BlackRD "127"]
[GameID "402190"]

1. d4 d5 2. c4 c6 3. Nf3 Nf6 4. Nc3 e6 5. Bg5 Nbd7 6. e3 Qa5 7. Nd2 Bb4 8. Qc2 dxc4 9. Bxf6 Nxf6 10. Nxc4 Qc7
11. a3 Bxc3+ 12. bxc3 O-O 13. Ne5 c5 14. Bd3 b6 15. O-O Bb7 16. a4 h6 17. a5 bxa5 18. Qa4 Nd5 19. Qxa5 Qxa5 20. Rxa5 cxd4
21. cxd4 Rfd8 22. Rb1 Bc8 23. h4 Rd6 24. h5 f6 25. Ng6 Kf7 26. Be4 Nc3 27. Bxa8 Nxb1 28. Be4 Nd2 29. Bd3 Nb3 30. Rxa7+ Rd7
31. Ra8 Rd8 32. Ba6
1-0

[Event "2016 Standard Chess Dropout Tournament, Round 3"]
[Site "SchemingMind.com"]
[Date "2016.08.05"]
[Round "3"]
[White "Abstract Actuary"]
[Black "Diadoco"]
[Result "1/2-1/2"]
[WhiteCountry "USA"]
[BlackCountry "MEX"]
[WhiteElo "1943"]
[WhiteRD "76"]
[BlackElo "1984"]
[BlackRD "89"]
[GameID "402191"]

1. e4 e5 2. Nf3 Nf6 3. d4 Nxe4 4. Bd3 d5 5. Nxe5 Nd7 6. Nxd7 Bxd7 7. O-O Bd6 8. c4 c6 9. Nc3 Nxc3 10. bxc3 O-O
11. cxd5 cxd5 12. Qh5 g6 13. Qxd5 Qc7 14. c4 Bc6 15. Qg5 Bxh2+ 16. Kh1 Bd6 17. Bb2 Rae8 18. Rae1 Rxe1 19. Rxe1 Qd8 20. Qxd8 Rxd8
21. d5 Bd7 22. g3 Re8 23. Rxe8+ Bxe8 24. Kg2 f5 25. f4 Kf7 26. Bd4 b6 27. Kf3 Ba4 28. Bb1=
1/2-1/2

[Event "2016 Standard Chess Dropout Tournament, Round 3"]
[Site "SchemingMind.com"]
[Date "2016.08.05"]
[Round "3"]
[White "Apatchenlama"]
[Black "Brian Pott"]
[Result "0-1"]
[WhiteCountry "GER"]
[BlackCountry "AUS"]
[WhiteElo "1991"]
[WhiteRD "92"]
[BlackElo "2266"]
[BlackRD "85"]
[GameID "402192"]

1. d4 Nf6 2. c4 g6 3. g3 Bg7 4. Bg2 O-O 5. Nf3 d6 6. Nc3 Nbd7 7. O-O e5 8. e4 c6 9. h3 Re8 10. Be3 a6
11. Re1 b5 12. c5 b4 13. Na4 Nxe4 14. cxd6 Nxd6 15. Nxe5 Nxe5 16. dxe5 Nc4 17. Bxc6 Bxh3 18. Qxd8 Raxd8 19. Bxe8 Rxe8 20. Bf4 Bd7
21. Nc5 Bb5 22. Ne4 Nxe5 23. Bxe5 Bxe5 24. Rab1 Rc8 25. Red1 Rc2 26. Rd2 Rxd2 27. Nxd2 Bd3 28. Re1 Bxb2 29. Re3 Bb5 30. Rb3 Bc3
31. Ne4 Bc4 32. Rxc3 bxc3 33. Nxc3 h5 34. f4 Kg7 35. a3 Kf6 36. Ne4+ Ke7 37. Kf2 Bd5 38. Nc3 Kd6 39. Ke3 Bg2 40. Kd4 f6
41. Nd1 Ba8 42. Nf2 Ke6 43. a4 g5 44. fxg5 fxg5 45. a5 Kd6 46. Nd3 Bg2 47. Nf2 h4 48. gxh4 gxh4 49. Ng4 h3 50. Ke3 Kc5
0-1

[Event "2016 Standard Chess Dropout Tournament, Round 3"]
[Site "SchemingMind.com"]
[Date "2016.08.09"]
[Round "3"]
[White "Apocalypse"]
[Black "thebirdolux"]
[Result "1/2-1/2"]
[WhiteCountry "USA"]
[BlackCountry "USA"]
[WhiteElo "2449"]
[WhiteRD "92"]
[BlackElo "2525"]
[BlackRD "89"]
[GameID "402193"]

1. d4 Nf6 2. Nf3 e6 3. Bf4 b6 4. e3 Be7 5. Bd3 Nh5 6. Bg3 Bb7 7. Nc3 d6 8. a4 a6 9. e4 Nd7 10. O-O Nxg3
11. hxg3 c6 12. Re1 O-O 13. Qd2 h6 14. Qe2 Re8 15. Nd1 c5 16. c3 Nf6 17. Nd2 Qd7 18. Ne3 Qc7 19. Rac1 Bf8 20. Qf3 Bc6
21. Qe2 Bxa4 22. Bxa6 Reb8 23. Bd3 Bc6 24. b4 g6 25. f4 Ra2 26. Bb1 Ra4 27. f5 exf5 28. exf5 g5 29. d5 Bd7 30. Ng4 Nxg4
31. Qxg4 cxb4 32. Ne4 Qd8 33. Qf3 b3 34. Kh2 f6 35. c4 Ra3 36. Qf2 Kh8 37. Qb2 Raa8 38. Nc3 b5 39. cxb5 Bxb5 40. Nxb5 Rxb5
41. Re6 Bg7 42. Rc6 Rb7 43. Rcxd6 Qc7 44. Qd2 Qf7 45. Rc6 Ra1 46. Re1 b2 47. d6 Ra8 48. Re6 Ra1 49. Rc8+ Bf8 50. Qc2 Kg7
51. Kg1 Rd7 52. Qxb2 Ra6 53. Bc2 Bxd6 54. Bb3 Rb6 55. Qc3 Rc7 56. Rxc7 Bxc7 57. Qe3 Rxe6 58. Qxe6 Qxe6 59. fxe6 Bd6 60. g4 Bc5+
61. Kf1 f5 62. gxf5 g4 63. Bc2=
1/2-1/2